| 000 | 00476nam a2200181Ia 4500 | ||
|---|---|---|---|
| 005 | 20250326123823.0 | ||
| 008 | 250326s9999 xx 000 0 und d | ||
| 037 | _aTextbook | ||
| 040 |
_aFMSL _beng _cFMSL |
||
| 041 |
_aeng _2eng |
||
| 084 |
_aS:86 L1 _qFMSL |
||
| 100 |
_aDasajh N L _9736184 |
||
| 245 | 0 |
_aPsychotherapy _cDasajh N L |
|
| 260 |
_aNew Delhi _bNew Delhi, Sterling _c1971 |
||
| 300 | _a207p | ||
| 942 |
_cTB _hS:86 L1 |
||
| 999 |
_c1271086 _d1271086 |
||